| 000 | 00914nam a2200277 i 4500 | ||
|---|---|---|---|
| 001 | 10280 | ||
| 003 | ES-MaACL | ||
| 005 | 20230906145845.0 | ||
| 008 | 950418s1994 sp ||||1| spa d | ||
| 020 | _a84-323-0830-7 | ||
| 080 | _a159.964.2 | ||
| 080 | _a1 Lacan | ||
| 100 | 1 |
_aFrutos Salvador, Angel de. _952780 |
|
| 245 | 1 | 4 |
_aLos "Escritos" de Jacques Lacan _b: variantes textuales / _cAngel de Frutos Salvador ; prefacio de Elisabeth Roudinesco. |
| 250 | _a[1ª ed.]. | ||
| 260 |
_aMadrid : _bSiglo XXI de España, _c1994. |
||
| 300 |
_aXIII, 444 p. ; _c24 cm. |
||
| 490 | 1 | _aPsicoanálisis | |
| 500 | _aTextos de Lacan en francés y español. | ||
| 504 | _aBibliografía: p. 401-439. | ||
| 600 | 1 | 4 |
_aLacan, Jacques- _vCrítica textual. _969326 |
| 700 | 1 |
_aRoudinesco, Elisabeth. _9100012 |
|
| 830 | 0 |
_aPsicoanálisis _9183803 |
|
| 852 |
_aES-MaACL _jL-17802 _bR.17802 |
||
| 999 |
_c10280 _d10280 |
||